French language in Europe - Statistics

General Stats
  • This quiz has been taken 858 times
  • The average score is 5 of 5
Answer Stats
Hint Answer % Correct
1 France
99%
2 Belgium
97%
3 Switzerland
94%
5 Luxembourg
87%
4 Monaco
87%
No matching quizzes found
Score Distribution
Percent of People with Each Score
Percentile by Number Answered
Your Score History
You have not taken this quiz